000 00363nam a22001217a 4500
082 _a220 PRO
100 _aSAIRA,KOMAL,AYESHA,
_972314
245 _aPR-SOF-1023-OPERATOR INDEPENDENT INTELLIGENT SURVEILLANCE SYSTEM
260 _aISLAMABAD
_bNUST COLLEGE OF EME
_c2010
650 _aDE-COMP-28
_972315
700 _aSUPERVISOR DR SHOAB A KHAN
_969958
942 _cCR
999 _c578400
_d578400